मृत्योर्मा अमृतं गमय/ (Record no. 206138)

MARC details
000 -LEADER
fixed length control field 01018nam a22002297a 4500
005 - DATE AND TIME OF LATEST TRANSACTION
control field 20241007145543.0
010 ## - LCCN (DPL NO)
LC control number HIN-128532
020 ## - INTERNATIONAL STANDARD BOOK NUMBER
Terms of availability 550.00
International Standard Book Number 9789384657475
035 ## - SYSTEM CONTROL NUMBER
System control number HN-100878
037 ## - SOURCE OF ACQUISITION
Source of stock number/acquisition DBAD
082 ## - DEWEY DECIMAL CLASSIFICATION NUMBER
Classification number 181.499
Edition number प्रथम
100 ## - MAIN ENTRY--PERSONAL NAME
Personal name ओशो
245 ## - TITLE STATEMENT
Title मृत्योर्मा अमृतं गमय/
Statement of responsibility, etc ओशो
250 ## - EDITION STATEMENT
Edition statement प्रथम
260 ## - PUBLICATION, DISTRIBUTION, ETC. (IMPRINT)
Place of publication, distribution, etc लखनऊ
Name of publisher, distributor, etc दिव्यांश पब्लिकेशन्स
Date of publication, distribution, etc 2015
270 ## - ADDRESS
Address म इ ज -222 , फेज -1, ल ड अ तिक्कैत राइ कॉलोनी
City लखनऊ
Postal code 226017
Telephone number 9415185960
-- 08960250150
Electronic mail address divyanshpublications@gmail.com
-- divyanshpublications@yahoo.co.in
300 ## - PHYSICAL DESCRIPTION
Extent 286 पृष्ठ
Dimensions 22सेमी. (सजिल्द)
650 ## - SUBJECT ADDED ENTRY--TOPICAL TERM
Topical term or geographic name as entry element हिन्दी
700 ## - ADDED ENTRY--PERSONAL NAME
Personal name संजय गोरा
9 (RLIN) 69239
700 ## - ADDED ENTRY--PERSONAL NAME
Personal name अंकुर श्रीवास्तव
9 (RLIN) 69240
942 ## - ADDED ENTRY ELEMENTS (KOHA)
Source of classification or shelving scheme Dewey Decimal Classification
Item type Hindi Books
Classification part 181.499
Call number suffix ओशो
Edition 2015
Holdings
Withdrawn status Lost status Not for loan Collection code Home library Current library Date acquired Source of acquisition Cost, normal purchase price Full call number Barcode Copy number Cost, replacement price Koha item type
      Non-fiction Bawana Bawana 07/10/2024 DBAD 550.00 181.499 ओशो HN-100878 1 550.00 Hindi Books

© Delhi Public Library
Hit Counter
free hit counter